000 00702nam a2200277Ia 4500
003 OSt
005 20220912151623.0
006 a|||||r|||| 00| 0
007 ta
008 220909b |||||||| |||| 00| 0 eng d
020 _a0422777609
024 _a2714
037 _cTextual
040 _aCSL
_beng
_cCSL
041 _aeng
082 _aY:1:(R4), M2
100 _aRossi Ino
245 0 _aLogic of culture: advances in structural theory and methods
260 _aLondon
_bTavistock Publications
_c1982
300 _a296p
650 _a Culture
650 _a Logic
650 _aSociology
942 _hY:1:(R4), M2
_cTEXL
_2CC
999 _c72621
_d72621